Łatwe pytania z wiedzy ogólnej - Statystyki

Ogólne statystyki
  • Ten quiz został rozwiązany 38 razy
    5 od ostatniego zresetowania
  • Średni wynik to 16 z 20
Statystyki odpowiedzi
Pytanie Odpowiedź % Poprawnych
Kto był pierwszym królem Polski? Bolesław Chrobry
100%
W jakim mieście leży powyższy budynek? Dubaj
100%
W jakim państwie leży Wielki Sfinks? Egipt
100%
Jakie jest najszybsze zwierzę lądowe? Gepard
100%
Z jakim państwem graniczy Korea Południowa? Korea Północna
100%
Jaki sport uprawia Michael Jordan? Koszykówka
100%
Z jakim państwem połączyła się Polska w 1569 roku tworząc Rzeczpospolitą Obojga Narodów? Litwa
100%
Kto nosił tytuł "Cesarza Francuzów"? (imię i nazwisko) Napoleon Bonaparte
100%
Jaka rzeka przepływa przez granicę Polski i Niemiec? Odra
100%
Jaka planeta układu słonecznego jest 6 od słońca? Saturn
100%
Jaki jest najpopularniejszy włoski deser? Tiramisu
100%
Jaki pierwiastek chemiczny ma symbol O? Tlen
100%
Jak się nazywają fikcyjne roboty które mają zdolność przemieniania się w pojazdy? Transformers
100%
Jakie było prawdziwe imię i nazwisko Jana Pawła II? Karol Wojtyła
80%
Jak jest "dzień dobry" po francusku? Bonjour
60%
Jaki polski piosenkarz śpiewał m.in "Trójkąty i kwadraty"? (imię i nazwisko) Dawid Podsiadło
60%
Nad jakim morzem leżą takie państwa jak: Grecja, Libia czy Chorwacja? Śródziemne
40%
Jak ma na nazwisko autor serii powieści "Władca Pierścieni"? Tolkien
40%
Jaki jest najwyższy budynek na świecie? Burdż Chalifa
0%
Jak się nazywa główny bohater kreskówki stworzonej przez Stephena Hillenburga? Spongebob
0%
Nie znaleziono quizów pasujących do podanych kryteriów
Rozkład punktacji
Procent ludzi z każdym wynikiem
Percentyl według liczby udzielonych odpowiedzi
Twoja historia wyników
Nie rozwiązałeś tego quizu od ostatniego zresetowania